| 000 | 00684nam a22002297a 4500 | ||
|---|---|---|---|
| 999 |
_c8641 _d8641 |
||
| 003 | AR-CdUCM | ||
| 008 | 190325b ||||| |||| 00| 0 spa d | ||
| 040 |
_aMUNICIPALIDAD PROVINCIAL DEL CUSCO _cBIBLIOTECA MUNICIPAL DEL CUSCO |
||
| 082 |
_a086 / _bD17. |
||
| 100 |
_aDaudeth, Alphonse _924167 |
||
| 245 |
_aObras Inmortales : _bCartas desde mi molino / |
||
| 260 |
_aMadrid : _bE.D.A.F., _c1962 |
||
| 300 |
_a1419 páginas ; _c17 cm |
||
| 440 |
_aObras Inmortales _924087 |
||
| 505 | _aContenido: Novela, cuentos. | ||
| 650 |
_aNovela _95 |
||
| 650 |
_aLiteratura _9416 |
||
| 650 |
_aClásicos _98885 |
||
| 700 |
_aTomás Borrás _924168 |
||
| 942 |
_2ddc _cLIBROS |
||
| 945 | _admma | ||